000
00267nam a2200109Ia 4500
008
220216s9999 xx 000 0 und d
100
_a
Syamala V K
245
0
_a
Koodathaikal thayyarakkan oru naveena reethi
260
_b
Rubber
_c
2010
300
_a
20-21
942
_c
BS
999
_c
51983
_d
51983